000 00801nam a2200241Ia 4500
003 OSt
005 20221005104511.0
006 a|||||r|||| 00| 0
007 ta
008 221004b |||||||| |||| 00| 0 hin d
024 _a113860
037 _cTextual
040 _aCRL
_cCRL
_bhin
041 _2hin
_ahin
082 _aQ2:4x1,1, 152M4
100 _aपाण्डेय, जनार्दन शास्त्री
245 0 _aमनुस्मृति
246 _aManusmṛuti
260 _aदिल्ली
_bमोतीलाल बनारसीदास भारत
_c1984
300 _a112पृ0
_ccm.
942 _hQ2:4x1,1, 152M4
_cTEXL
_2cc
999 _c1012879
_d1012879